Retrouvez la dernière lettre ! - Statistiques

Statistiques générales
  • Ce quiz a été pris 663 fois
  • Le résultat moyen est 13 sur 21
Statistiques - réponses
Hint Réponse % Correct
téléphon_ e
98%
poulp_ e
94%
parfu_ m
94%
talen_ t
93%
ruch_ e
92%
siro_ p
90%
egou_ t
90%
écureui_ l
88%
puit_ s
87%
cafétari_ a
85%
stric_ t
59%
plom_ b
57%
squelett_ e
56%
panoram_ a
51%
uba_ c
31%
cro_ c
27%
zéb_ u
27%
qua_ i
23%
zo_ o
22%
gouro_ u
17%
cham_ p
12%
Aucun quiz correspondant
Distribution des résultats
% des personnes avec chaque résultat
Percentile par nombre de réponses
Votre historique - résultats
Vous n’avez pas pris ce quiz